00752nam a2200253Ia 4500001000700000003000500007005001700012008004100029010001100070040000900081082001900090100003600109245007800145260003800223300001100261650002900272901001900301902000600320910000900326942001500335942001500350999001900365952011400384Z_5775CHAP20220920184540.0220113s1964 xx 000 0 und d a168971 cCHAP a633.15 D5 1964 aDíaz del Pino, Alfonso933447 aEl maíz : cultivo,fertilización y cosecha /cAlfonso Díaz del Pino aMéxico, D.F. :bTrucco,c1964 a393 p. aMaízxMéxico9143313 a633.15 D5 1964 aA a1964 cLIBRO2ddc cLIBRO2ddc c168971d168971 00102ddc40708GRALaZbZd2009-03-31l0o633.15 D5 1964pz_5671r2022-01-18 00:00:00t1w2022-01-18yLIBRO